Click the Disney Film by Song #1 - Statistics

General Stats
  • This quiz has been taken 65,720 times
  • The average score is 19 of 25
Answer Stats
Hint Answer % Correct
Do You Want To Build A Snowman? 2. Frozen
94%
Prince Ali 1. Aladdin
93%
Arabian Nights 1. Aladdin
93%
Let it Go 2. Frozen
93%
The Elegant Captain Hook 4. Peter Pan
91%
I Just Can't Wait To Be King 6. The Lion King
91%
A Pirate's Life 4. Peter Pan
89%
Hakuna Matata 6. The Lion King
89%
Circle of Life 6. The Lion King
86%
The Bare Necessities 5. The Jungle Book
84%
A Whole New World 1. Aladdin
82%
You're Welcome 3. Moana
81%
You Can Fly! 4. Peter Pan
77%
For The First Time In Forever 2. Frozen
76%
Love Is An Open Door 2. Frozen
75%
How Far I'll Go 3. Moana
75%
Can You Feel The Love Tonight 6. The Lion King
75%
In Summer 2. Frozen
66%
I Wanna Be Like You 5. The Jungle Book
65%
Shiny 3. Moana
63%
The Second Star to the Right 4. Peter Pan
59%
Friend Like Me 1. Aladdin
48%
Be Prepared 6. The Lion King
45%
Trust In Me 5. The Jungle Book
43%
One Jump Ahead 1. Aladdin
41%
No matching quizzes found
Score Distribution
Percent of People with Each Score
Percentile by Number Answered
Your Score History
You have not taken this quiz